La litigacin̤ abusiva delimitacin̤, anl̀isis y remedios /

Detalles Bibliográficos
Autor principal: Muǫz Aranguren, Arturo
Formato: eBook
Lenguaje:español
Publicado: Madrid: Marcial Pons, 2018
Materias:
Acceso en línea:Acceso restringido

MARC

LEADER 00000nam a22000007a 4500
005 20211102215342.0
007 cr|||| ||||
008 211102s2018 es |||||s|||| 00||0 spa d
020 |a 978-84-9123-717-4 
035 |a 33638 
040 |a vLex 
090 |c 12629  |d 12629 
100 1 |a Muǫz Aranguren, Arturo 
245 1 2 |a La litigacin̤ abusiva  |h [Recurso electrn̤ico] :  |b delimitacin̤, anl̀isis y remedios /  |c Arturo Muǫz Aranguren 
256 |a Servicio en ln̕ea 
260 |a Madrid:  |b Marcial Pons,  |c 2018 
300 |a 1 recurso electrn̤ico 
500 |a El presente trabajo tiene por objeto analizar el abuso del proceso tanto en el plano ter̤ico como en el prc̀tico. La obra parte del anl̀isis empr̕ico de los casos ms̀ frecuentes de litigacin̤ abusiva en la praxis forense espaǫla, procediendo a la clasificacin̤ y sistematizacin̤ de su variada tipologa̕. Con la ayuda del Derecho comparado se analizan las diferentes herramientas que se han arbitrado para neutralizar sus efectos, tanto en los ordenamientos de Derecho continental como en la familia del Common Law. Y aun cuando se presta una especial atencin̤ al abuso del proceso en la jurisdiccin̤ civil, tambiň se examinan sus manifestaciones en el resto de r̤denes jurisdiccionales, as ̕como los remedios legales y jurisprudenciales existentes en cada uno de ellos para hacer frente a la litigacin̤ abusiva. Este libro pretende proyectar la construccin̤ dogmt̀ica y jurisprudencial del abuso del derecho al m̀bito del proceso, lo que obliga, en gran medida, a reformularla a partir del prisma del derecho fundamental a la tutela judicial efectiva. Si bien la obra tiene por objeto el estudio de la utilizacin̤ desviada del proceso, considerado en su integridad como un acto susceptible de causar un daǫ que uno de los litigantes, en determinados supuestos, no tiene la obligacin̤ jurd̕ica de soportar, tambiň se examinan los daǫs indemnizables que el legislador ha previsto de forma especf̕ica en diversas normas para el resarcimiento de los perjuicios provocados por determinadas actuaciones intraprocesales: los derivados de las medidas cautelares alzadas, de la revocacin̤ de sentencias ejecutadas provisionalmente, etcťera. Finalmente, es objeto de un detenido anl̀isis la accin̤ civil de resarcimiento de los denominados "daǫs procesales", es decir, de los provocados por una previa litigacin̤ abusiva. 
506 1 |a Disponible solo en los productos indicados  |d vLex Global  |d vLex Global (Academic Edition, excluding Law Schools)  |d vLex Global (U.S. Academic Edition, Law Schools)  |d vLex Global (U.S. Academic Edition, excluding Law Schools)  |d vLex Global (Academic Edition, Law Schools) 
650 0 4 |a Derecho Procesal  |z Espaą 
650 0 4 |a Procedimiento Civil  |z Espaą 
740 0 |a vLex Libros (Servicio en ln̕ea) 
856 4 0 |u https://app.vlex.com/#/sources/33638  |z Acceso restringido 
942 |c BOOK 
999 0 |a Procedural Law 
999 0 |a Civil Procedure